Evangelism today: (Record no. 11040)

000 -LEADER
fixed length control field 00542nam a2200181 a 4500
001 - CONTROL NUMBER
control field :::00008833$&:&@@
003 - CONTROL NUMBER IDENTIFIER
control field OkBaRHE
005 - DATE AND TIME OF LATEST TRANSACTION
control field 20000607103346.0
008 - FIXED-LENGTH DATA ELEMENTS--GENERAL INFORMATION
fixed length control field s1945 j 000 0 eng u
040 ## - CATALOGING SOURCE
Transcribing agency
100 1# - MAIN ENTRY--PERSONAL NAME
Personal name Zwemer, Samuel Marinus.
245 10 - TITLE STATEMENT
Title Evangelism today:
Remainder of title message not method.
260 ## - PUBLICATION, DISTRIBUTION, ETC. (IMPRINT)
Place of publication, distribution, etc New York, NY., :
Name of publisher, distributor, etc Fleming H. Revell Company
Date of publication, distribution, etc 1945
300 ## - PHYSICAL DESCRIPTION
Extent 125 p.
650 ## - SUBJECT ADDED ENTRY--TOPICAL TERM
Topical term or geographic name as entry element Evangelism
942 ## - ADDED ENTRY ELEMENTS (KOHA)
Source of classification or shelving scheme
Koha item type Books
Copies
Source of classification or shelving scheme Copy number Date acquired Not for loan Permanent Location Date last seen Shelving location Damaged status Koha item type Withdrawn status Lost status Price effective from Full call number Barcode
 12010-04-14 RHEMA Bible Training College2010-04-14General Stacks Books  2010-04-14BV 3795 .Z88833